000 01877nam a2200541 i 4500
001 37712
003 KOSZ 005
005 20230322090741.0
008 230316s1998 pl a f 000 0 pol
015 _aUWD 1999/6624
020 _a8386537949
035 _a991008938549705066
035 _a(PL-WaBN)b12308316-48omnis_nlop
035 _ab12308316
035 _a(OCoLC)749277050
035 _azz2003954702
035 _a(PL)b0000001230831
035 _a(EXLNZ-48OMNIS_NETWORK)9910357748105606
040 _aWA N
_cWA N
_dKOSZ 005/RW
046 _k1990
080 _a004.932
080 _a004.421
080 _a(075.8)
100 1 _aMalina, Witold
_d(1937- )
_eAutor
245 1 0 _aPodstawy automatycznej klasyfikacji obrazów /
_cWitold Malina ; [recenzent Janusz Nowakowski] ; Politechnika Gdańska.
250 _aWydanie 3.
260 _aGdańsk :
_bWydawnictwo Politechniki Gdańskiej,
_c1998.
300 _a108 stron :
_brysunki, wykresy ;
_c24 cm.
336 _aTekst
_btxt
_2rdacontent
337 _aBez urządzenia pośredniczącego
_bn
_2rdamedia
338 _aWolumin
_bnc
_2rdacarrier
380 _aKsiążki
380 _aPublikacje dydaktyczne
385 _mPoziom nauczania
_aSzkoły wyższe
388 1 _a1901-2000
388 1 _a1989-2000
504 _aBibliografia na stronach [107]-108.
650 7 _aAlgorytmy
_2DBN
650 7 _aRozpoznawanie obrazów
_2DBN
655 7 _aPodręczniki akademickie
_2DBN
658 _aInformatyka i technologie informacyjne
700 1 _aNowakowski, Janusz
_eRecenzja
710 2 _aPolitechnika Gdańska
710 2 _aWydawnictwo Politechniki Gdańskiej
_4pbl
856 _uhttp://koha.tu.koszalin.pl/cgi-bin/koha/opac-detail.pl?biblionumber=37712
_yKatalog online BPK
942 _2UKD
_cKS
999 _c37712
_d37712